[Event "III Festival Magistrale"]
[Site "Montecatini Terme ITA"]
[Date "1994.07.??"]
[Round "?"]
[White "Ciolac, Gheorghe"]
[Black "Luciani, Valerio"]
[Result "1-0"]
[WhiteElo "2390"]
[BlackElo "2205"]
[PlyCount "57"]
[EventDate "1994.07.30"]

1. e4 e6 2. d4 d5 3. Nc3 Bb4 4. e5 c5 5. a3 Bxc3+ 6. bxc3 Ne7 7. Nf3 Bd7 8. a4
Qa5 9. Bd2 Nbc6 10. g3 c4 11. h4 O-O-O 12. Bh3 Kb8 13. O-O Rdf8 14. h5 h6 15.
Qe2 g5 16. Nh2 Ka8 17. Ng4 Bc8 18. f4 Nf5 19. Kh2 gxf4 20. Rxf4 Rfg8 21. Rf3
Rg7 22. Nf6 Nfe7 23. Qe1 Qd8 24. g4 Ng8 25. Qf2 Qf8 26. Rf1 Nd8 27. Qe1 Nc6 28.
Qc1 Nce7 29. Qa3 1-0

[Event "III Festival Magistrale"]
[Site "Montecatini Terme ITA"]
[Date "1994.07.??"]
[Round "?"]
[White "Ciolac, Gheorghe"]
[Black "Palac, Mladen"]
[Result "1/2-1/2"]
[WhiteElo "2390"]
[BlackElo "2495"]
[PlyCount "105"]
[EventDate "1994.07.30"]

1. e4 c5 2. Nf3 d6 3. d3 Nc6 4. g3 g6 5. Bg2 Bg7 6. O-O e5 7. Nc3 Nge7 8. a3
O-O 9. Rb1 a5 10. Nd2 Rb8 11. a4 Be6 12. Nc4 d5 13. exd5 Nxd5 14. Nxd5 Bxd5 15.
Bg5 f6 16. Be3 Bxg2 17. Kxg2 Nb4 18. f4 Qd7 19. Rf2 b6 20. Qf3 Nd5 21. b3 Rbe8
22. f5 Rf7 23. Bd2 gxf5 24. Qxf5 Qc6 25. Kg1 Ne7 26. Qe4 Qe6 27. g4 Rd8 28. Be3
h5 29. h3 hxg4 30. hxg4 Bh8 31. Rg2 Rh7 32. Rf1 Bg7 33. Rff2 Rh4 34. Kf1 Nd5
35. Qf5 Qxf5 36. Rxf5 Kh7 37. Bf2 Rh1+ 38. Rg1 Rh2 39. Rg2 Rh3 40. Rg3 Rh1+ 41.
Bg1 Kg6 42. Rh5 Rxh5 43. gxh5+ Kf7 44. Be3 Rh8 45. Rh3 Bh6 46. Bxh6 Rxh6 47.
Kf2 Ke6 48. Rh1 Kf5 49. Kf3 Kg5 50. Rg1+ Kf5 51. Rh1 Kg5 52. Rg1+ Kf5 53. Rh1
1/2-1/2

[Event "III Festival Magistrale"]
[Site "Montecatini Terme ITA"]
[Date "1994.07.??"]
[Round "?"]
[White "Cirabisi, Federico"]
[Black "Barlocco, Carlo"]
[Result "1-0"]
[WhiteElo "2240"]
[BlackElo "2280"]
[PlyCount "76"]
[EventDate "1994.07.30"]

1. d4 d5 2. e3 Bf5 3. c4 c6 4. cxd5 Bxb1 5. Rxb1 Qxd5 6. Nf3 e6 7. Bd3 Nf6 8.
O-O Nbd7 9. Qc2 Be7 10. e4 Qh5 11. b4 O-O 12. Rb3 e5 13. Nxe5 Nxe5 14. dxe5 Ng4
15. Bf4 Bg5 16. Bg3 Bh4 17. Bf4 Bg5 18. Qc1 Bxf4 19. Qxf4 Nxe5 20. Bc2 Rad8 21.
Rg3 Ng6 22. Qe3 Qb5 23. a3 Qb6 24. Qg5 Rd4 25. Rh3 Re8 26. Qh5 Nf8 27. Bb3 Re7
28. Rf3 g6 29. Qh4 Qc7 30. Re1 Qe5 31. Rfe3 Kg7 32. f4 Qf6 33. Qf2 Red7 34. e5
Qd8 35. f5 gxf5 36. Qxf5 Rd2 37. e6 Nxe6 38. Bxe6 fxe6 1-0

[Event "III Festival Magistrale"]
[Site "Montecatini Terme ITA"]
[Date "1994.07.??"]
[Round "?"]
[White "Cirabisi, Federico"]
[Black "Guido, Flavio"]
[Result "0-1"]
[WhiteElo "2240"]
[BlackElo "2320"]
[PlyCount "54"]
[EventDate "1994.07.30"]

1. d4 Nf6 2. Nf3 d5 3. e3 Bf5 4. c4 e6 5. Qb3 Nc6 6. c5 Qc8 7. Bb5 Nd7 8. Qa4
Ne7 9. Nc3 c6 10. Be2 Ng6 11. b4 Be7 12. h4 h5 13. b5 Bf6 14. Ba3 O-O 15. Ng5
e5 16. bxc6 bxc6 17. Ba6 Qc7 18. Ne2 Bc2 19. Qxc2 Qa5+ 20. Bb4 Qxb4+ 21. Kf1
exd4 22. Nf4 dxe3 23. Nxg6 fxg6 24. Qxg6 Bxg5 25. Qe6+ Rf7 26. hxg5 Qb2 27. Kg1
Qxa1+ 0-1

[Event "III Festival Magistrale"]
[Site "Montecatini Terme ITA"]
[Date "1994.07.??"]
[Round "?"]
[White "Cirabisi, Federico"]
[Black "Maljutin, Evgeni"]
[Result "0-1"]
[WhiteElo "2240"]
[BlackElo "2495"]
[PlyCount "74"]
[EventDate "1994.07.30"]

1. d4 d5 2. e3 c5 3. c3 e6 4. Bd3 Nf6 5. Nd2 Bd6 6. f4 cxd4 7. exd4 Bxf4 8. Nh3
Bd6 9. O-O Nc6 10. Nf3 Bd7 11. Qe2 Qc7 12. b4 h6 13. b5 Na5 14. Ne5 Qxc3 15.
Bb2 Qc7 16. Rac1 Qb6 17. Kh1 Rc8 18. Rce1 Rc7 19. Rf3 Rf8 20. Ref1 Nc4 21. Rg3
Nxb2 22. Qxb2 Nh5 23. Rgf3 Bc8 24. a4 Nf6 25. Rg3 Ne4 26. Bxe4 dxe4 27. Rxg7
Qa5 28. Nf2 Qxa4 29. Nfg4 Rc2 30. Qb1 f5 31. Ne3 Rc3 32. Rc1 Qxd4 33. b6 Qxe3
34. Qb5+ Kd8 35. Rd1 Rc1 36. Qf1 Rxd1 37. Qxd1 Qxb6 0-1

[Event "III Festival Magistrale"]
[Site "Montecatini Terme ITA"]
[Date "1994.07.??"]
[Round "?"]
[White "Cirabisi, Federico"]
[Black "Zelcic, Robert"]
[Result "1/2-1/2"]
[WhiteElo "2240"]
[BlackElo "2485"]
[PlyCount "78"]
[EventDate "1994.07.30"]

1. d4 c5 2. e3 e6 3. Bd3 d5 4. c3 Nc6 5. f4 g5 6. Nh3 h6 7. fxg5 hxg5 8. e4
cxd4 9. O-O Be7 10. cxd4 dxe4 11. Bb5 f5 12. Nc3 Qd6 13. Be3 Bd7 14. Be2 O-O-O
15. Nb5 Qb8 16. Rc1 a6 17. a4 axb5 18. axb5 f4 19. Qa4 Qc7 20. d5 exd5 21. bxc6
Bxc6 22. Bg4+ Rd7 23. Qa8+ Qb8 24. Rxc6+ bxc6 25. Qxc6+ Qc7 26. Bxd7+ Kb8 27.
Bd4 Qxc6 28. Bxc6 Bf6 29. Bxf6 Nxf6 30. Nxg5 Rc8 31. Ba4 f3 32. Nxf3 exf3 33.
Rxf3 Ne4 34. g4 Rc4 35. Bb3 Rd4 36. Rf5 Nc5 37. Bxd5 Rxg4+ 38. Bg2 Nd3 39. Rf3
Nf4 1/2-1/2

[Event "III Festival Magistrale"]
[Site "Montecatini Terme ITA"]
[Date "1994.07.??"]
[Round "?"]
[White "Costantino, Giampaolo"]
[Black "Cirabisi, Federico"]
[WhiteElo "1953"]
[BlackElo "2240"]
[Result "0-1"]
[PlyCount "50"]
[EventDate "1994.07.30"]

1. d4 d5 2. c4 e6 3. Nc3 f5 4. g3 Nf6 5. Bg2 c6 6. Nf3 Bd6 7. O-O Nbd7 8. Bf4
Bxf4 9. gxf4 Ne4 10. Qc2 O-O 11. e3 Rf6 12. Ne5 Rh6 13. Nxe4 fxe4 14. f3 Nxe5
15. dxe5 exf3 16. Bxf3 Bd7 17. Kh1 Be8 18. cxd5 cxd5 19. Rac1 Bc6 20. Rg1 Rc8
21. Qd2 Qh4 22. Rg2 Rf8 23. Rcg1 Rf7 24. Qb4 Qh3 25. Rg3 Qxh2# 0-1

[Event "III Festival Magistrale"]
[Site "Montecatini Terme ITA"]
[Date "1994.07.??"]
[Round "?"]
[White "Costantino, Giampaolo"]
[Black "Digiugno, Franco"]
[WhiteElo "1953"]
[BlackElo "2074"]
[Result "0-1"]
[PlyCount "84"]
[EventDate "1994.07.30"]

1. d4 Nf6 2. c4 e6 3. Nf3 c5 4. d5 b5 5. dxe6 fxe6 6. cxb5 d5 7. Bf4 Qa5+ 8.
Qd2 Qxb5 9. e3 Qb6 10. Nc3 Nbd7 11. Be2 Bd6 12. Bxd6 Qxd6 13. Nb5 Qb6 14. Ng5
a6 15. Nc3 O-O 16. O-O Bb7 17. f3 Rae8 18. b3 h6 19. Nh3 e5 20. Nf2 Kh8 21. Na4
Qd6 22. Rac1 Rc8 23. Rc2 Rc7 24. Rfc1 Rfc8 25. Bf1 Nb6 26. Nxb6 Qxb6 27. Bd3
Qe6 28. Qe2 c4 29. Qe1 Ne8 30. bxc4 dxc4 31. Be4 Nd6 32. Bxb7 Rxb7 33. Nd1 Nb5
34. Nc3 Rd7 35. Qe2 Rcd8 36. Nxb5 axb5 37. a4 bxa4 38. Qxc4 Rd1+ 39. Rxd1 Rxd1+
40. Kf2 Rd2+ 41. Kf1 Qxc4+ 42. Rxc4 a3 0-1

[Event "III Festival Magistrale"]
[Site "Montecatini Terme ITA"]
[Date "1994.07.??"]
[Round "?"]
[White "Costantino, Giampaolo"]
[Black "Gazzarri, Alberto"]
[Result "1-0"]
[WhiteElo "1953"]
[BlackElo "2210"]
[PlyCount "109"]
[EventDate "1994.07.30"]

1. d4 d5 2. c4 c6 3. Nf3 Nf6 4. cxd5 cxd5 5. Nc3 Nc6 6. e3 Bf5 7. Ne5 e6 8. g4
Bg6 9. h4 h5 10. Nxg6 fxg6 11. g5 Ne4 12. Nxe4 dxe4 13. Qc2 Qa5+ 14. Bd2 Bb4
15. Bc3 Rc8 16. Bxb4 Qxb4+ 17. Qc3 O-O 18. Rc1 Qa4 19. Bg2 Nb4 20. Qxc8 Nd3+
21. Ke2 Rxc8 22. Rxc8+ Kh7 23. Bxe4 Qd7 24. Rc3 Nb4 25. a3 Nd5 26. Rc2 Qb5+ 27.
Kf3 Qd7 28. Rhc1 e5 29. Ke2 exd4 30. exd4 Nb6 31. Rd2 Qg4+ 32. Bf3 Qxh4 33.
Bxb7 Qxg5 34. Be4 Qb5+ 35. Bd3 Qd7 36. Rg1 Qe6+ 37. Kd1 Qb3+ 38. Ke2 Qe6+ 39.
Kf1 Qh3+ 40. Ke1 Qe6+ 41. Re2 Qc8 42. Bxg6+ Kh6 43. Bc2 g5 44. Kd1 Qc4 45. Re7
Qxd4+ 46. Kc1 g4 47. Rh7+ Kg5 48. Rh1 Nc4 49. R7xh5+ Kf6 50. Rf5+ Kg7 51. Rh7+
Kg8 52. Rg5+ Kf8 53. Rb5 Qf4+ 54. Kb1 Ke8 55. Rb8+ 1-0

[Event "III Festival Magistrale"]
[Site "Montecatini Terme ITA"]
[Date "1994.07.??"]
[Round "?"]
[White "Costantino, Giampaolo"]
[Black "Temi, Walter"]
[WhiteElo "1953"]
[BlackElo "2020"]
[Result "1-0"]
[PlyCount "65"]
[EventDate "1994.07.30"]

1. d4 Nf6 2. c4 g6 3. Nc3 d5 4. Nf3 Bg7 5. e3 O-O 6. Qb3 e6 7. Bd2 b6 8. cxd5
exd5 9. Be2 Bb7 10. O-O Nbd7 11. Rac1 c5 12. dxc5 Nxc5 13. Qb4 Re8 14. Bb5 Re7
15. Rfd1 Qc7 16. Qh4 Qd6 17. Be2 Rae8 18. Nd4 a6 19. f3 Ne6 20. Qg3 Qxg3 21.
hxg3 Nd7 22. Nxe6 Rxe6 23. Kf1 b5 24. b3 Nb6 25. Re1 b4 26. Nd1 a5 27. Nf2 Be5
28. f4 Bb8 29. Bb5 R8e7 30. Nd3 Nd7 31. Bxd7 Ba6 32. Bxe6 Bxd3+ 33. Kf2 1-0

[Event "III Festival Magistrale"]
[Site "Montecatini Terme ITA"]
[Date "1994.07.??"]
[Round "?"]
[White "De Santis, Alessio"]
[Black "Baccaro, Franco"]
[Result "1-0"]
[WhiteElo "2265"]
[BlackElo "1947"]
[PlyCount "73"]
[EventDate "1994.07.30"]

1. d4 d5 2. Nf3 c6 3. e3 Nf6 4. Bd3 Bg4 5. c4 e6 6. Qb3 Qb6 7. Qc2 dxc4 8. Bxc4
Bf5 9. Qe2 Bb4+ 10. Nbd2 Nbd7 11. O-O O-O 12. e4 Bg4 13. e5 Nd5 14. h3 Bh5 15.
Nb3 a5 16. a4 Rae8 17. g4 Bg6 18. h4 h5 19. Ng5 hxg4 20. Qxg4 Bf5 21. Qg3 f6
22. Nf3 Kf7 23. Be3 Rh8 24. Rac1 Rh7 25. Nc5 Qc7 26. Bxd5 Nxc5 27. Rxc5 Bxc5
28. Ba2 Bb6 29. Qf4 Ke7 30. Rc1 Rd8 31. d5 fxe5 32. Qg5+ Ke8 33. Bxb6 Qxb6 34.
dxe6 Qxb2 35. Qxf5 Qxc1+ 36. Kg2 Ke7 37. Qxh7 1-0

[Event "III Festival Magistrale"]
[Site "Montecatini Terme ITA"]
[Date "1994.07.??"]
[Round "?"]
[White "De Santis, Alessio"]
[Black "Balzan, Roberto"]
[Result "1-0"]
[WhiteElo "2265"]
[BlackElo "1933"]
[PlyCount "61"]
[EventDate "1994.07.30"]

1. d4 Nf6 2. Nf3 d5 3. e3 c6 4. c4 g6 5. Nc3 Bg7 6. Bd3 O-O 7. O-O Nbd7 8. cxd5
cxd5 9. Qb3 Nb8 10. Ne5 Nc6 11. f4 Qb6 12. Qd1 Bf5 13. Bxf5 gxf5 14. g4 Nxe5
15. fxe5 Nxg4 16. Nxd5 Qh6 17. Nxe7+ Kh8 18. Qe2 Bxe5 19. dxe5 Qg5 20. Nxf5
Nf2+ 21. Ng3 Ne4 22. Qg2 Nxg3 23. hxg3 Rac8 24. e6 fxe6 25. Rxf8+ Rxf8 26. Bd2
Qg4 27. Bc3+ Kg8 28. Rf1 Rxf1+ 29. Qxf1 h5 30. Qf4 Qe2 31. Qg5+ 1-0

[Event "III Festival Magistrale"]
[Site "Montecatini Terme ITA"]
[Date "1994.07.??"]
[Round "?"]
[White "De Santis, Alessio"]
[Black "Berg, Daniel"]
[Result "1-0"]
[WhiteElo "2265"]
[BlackElo "2320"]
[PlyCount "65"]
[EventDate "1994.07.30"]

1. d4 d5 2. Nf3 Nc6 3. e3 Bg4 4. Be2 e6 5. Nbd2 Bd6 6. c4 dxc4 7. Nxc4 Nf6 8.
Nxd6+ cxd6 9. O-O O-O 10. Bd2 Qb6 11. b4 Ne4 12. b5 Ne7 13. Qc2 f5 14. Rfc1 Nd5
15. Be1 Qd8 16. h3 Bh5 17. Nh2 Qg5 18. Bxh5 Qxh5 19. Qd3 Rf6 20. f3 Ng5 21. h4
Nf7 22. g4 Qh6 23. Bf2 g5 24. h5 Qf8 25. a3 Nh8 26. Ra2 fxg4 27. fxg4 Qf7 28.
Bg3 Rf8 29. Bxd6 Ne7 30. Rc7 Nf5 31. gxf5 exf5 32. Be7 Qxa2 33. Qe4 1-0

[Event "III Festival Magistrale"]
[Site "Montecatini Terme ITA"]
[Date "1994.07.??"]
[Round "?"]
[White "De Santis, Alessio"]
[Black "Bonugli, Carlo"]
[Result "1-0"]
[WhiteElo "2265"]
[BlackElo "1934"]
[PlyCount "61"]
[EventDate "1994.07.30"]

1. d4 Nf6 2. Nf3 g6 3. Nbd2 c5 4. e3 Bg7 5. Be2 cxd4 6. exd4 Nc6 7. O-O O-O 8.
Re1 d5 9. c3 Bg4 10. h3 Bxf3 11. Bxf3 e6 12. Nb3 Nd7 13. Bf4 Na5 14. Nc1 Rc8
15. Nd3 Re8 16. Rc1 Nc6 17. Rc2 Nf6 18. Rce2 Re7 19. g4 Qa5 20. a3 Rd8 21. Qd2
Nd7 22. h4 Nf8 23. Kg2 Ree8 24. Rh1 Qb5 25. h5 f6 26. Nc5 e5 27. h6 Bh8 28. b4
exf4 29. Rhe1 Kf7 30. Qa2 g5 31. Bxd5+ 1-0

[Event "III Festival Magistrale"]
[Site "Montecatini Terme ITA"]
[Date "1994.07.??"]
[Round "?"]
[White "De Santis, Alessio"]
[Black "Mambrini, Augusto"]
[Result "1/2-1/2"]
[WhiteElo "2265"]
[BlackElo "2027"]
[PlyCount "75"]
[EventDate "1994.07.30"]

1. d4 Nf6 2. Nf3 e6 3. e3 d5 4. Bd3 Bd6 5. Nbd2 Nbd7 6. O-O O-O 7. c4 c6 8. h3
Re8 9. e4 e5 10. dxe5 Nxe5 11. Nxe5 Bxe5 12. exd5 cxd5 13. Nf3 dxc4 14. Bxc4
Qxd1 15. Rxd1 Bf5 16. Nxe5 Rxe5 17. Be3 Ree8 18. Rac1 a6 19. a4 Red8 20. a5
Rxd1+ 21. Rxd1 Rc8 22. Be2 Be4 23. b4 h6 24. Rd6 Bc6 25. Bf3 Ne8 26. Rd2 Bxf3
27. gxf3 Nf6 28. Rd6 Rc7 29. Bxh6 Rd7 30. Rxd7 Nxd7 31. Bf4 f6 32. Kf1 Kf7 33.
Ke2 Ke6 34. Kd3 Kd5 35. h4 g6 36. Bc7 Nf8 37. Bd8 f5 38. Bf6 1/2-1/2

[Event "III Festival Magistrale"]
[Site "Montecatini Terme ITA"]
[Date "1994.07.??"]
[Round "?"]
[White "Di Lazzaro, Gabriele"]
[Black "Battaggia, Piergiorgio"]
[Result "1/2-1/2"]
[WhiteElo "2155"]
[BlackElo "2003"]
[PlyCount "54"]
[EventDate "1994.07.30"]

1. Nf3 Nf6 2. g3 d5 3. Bg2 Bg4 4. d4 e6 5. O-O Nbd7 6. Nbd2 Be7 7. Re1 O-O 8.
e4 dxe4 9. Nxe4 Nxe4 10. Rxe4 Nf6 11. Re1 c6 12. c3 Qb6 13. Qb3 Bf5 14. Ne5
Qxb3 15. axb3 Bc2 16. b4 a6 17. Nc4 Rfd8 18. Bf4 Nd5 19. Bxd5 cxd5 20. Nb6 Ra7
21. Ra5 Re8 22. Bc7 Be4 23. b5 Bd3 24. Rea1 Kf8 25. Bb8 Rxb8 26. Nd7+ Ke8 27.
Nxb8 Bd8 1/2-1/2

[Event "III Festival Magistrale"]
[Site "Montecatini Terme ITA"]
[Date "1994.07.??"]
[Round "?"]
[White "Di Lazzaro, Gabriele"]
[Black "Pagnoncelli, Marco"]
[Result "0-1"]
[WhiteElo "2155"]
[BlackElo "1900"]
[PlyCount "72"]
[EventDate "1994.07.30"]

1. Nf3 Nf6 2. g3 g6 3. b3 Bg7 4. Bb2 O-O 5. Bg2 d6 6. d4 c5 7. c4 Nc6 8. Nc3
Rb8 9. O-O Bf5 10. d5 Na5 11. Qd2 a6 12. Nh4 Bd7 13. Rac1 b5 14. Nd1 bxc4 15.
bxc4 Rb4 16. Qd3 Nxc4 17. Bc3 Ra4 18. e4 Bb5 19. Re1 Nb2 20. Qc2 Nd3 21. Ne3
Nxc1 22. Rxc1 Nd7 23. Bxg7 Kxg7 24. Qb2+ f6 25. f4 Qa5 26. Ra1 Qb4 27. Qf2 Qc3
28. Re1 Rxa2 29. Qxa2 Qxe1+ 30. Nf1 c4 31. Nf3 Qb4 32. Kh1 c3 33. Qf2 Qb2 34.
Qd4 Qb1 35. Qxc3 Bxf1 36. Ng5 Be2+ 0-1

[Event "III Festival Magistrale"]
[Site "Montecatini Terme ITA"]
[Date "1994.07.??"]
[Round "?"]
[White "Di Lazzaro, Gabriele"]
[Black "Rossi, Giampiero"]
[Result "0-1"]
[WhiteElo "2155"]
[BlackElo "2205"]
[PlyCount "68"]
[EventDate "1994.07.30"]

1. Nf3 d5 2. g3 c5 3. Bg2 Nf6 4. O-O g6 5. b3 Bg7 6. Bb2 O-O 7. c4 dxc4 8. bxc4
Nc6 9. d3 Qc7 10. Nc3 Rd8 11. Rb1 Be6 12. Qb3 Rab8 13. Nb5 Qb6 14. Qa3 a6 15.
Bxf6 Bxf6 16. Nbd4 Nb4 17. Nxe6 Qxe6 18. Nd2 Qxe2 19. Ne4 Bd4 20. Ng5 b6 21.
Nf3 Qxa2 22. Qc1 Nxd3 23. Qh6 Bg7 24. Qh4 Bf6 25. Qe4 Rd6 26. g4 e6 27. h4 Rbd8
28. g5 Bg7 29. Qb7 Nb4 30. Qe4 Qe2 31. Qf4 Qe3 32. Qxe3 Nd3 33. Kh2 Nf4 34. Qa3
Nxg2 0-1

[Event "III Festival Magistrale"]
[Site "Montecatini Terme ITA"]
[Date "1994.07.??"]
[Round "?"]
[White "Di Lazzaro, Gabriele"]
[Black "Temi, Walter"]
[Result "0-1"]
[WhiteElo "2155"]
[BlackElo "2020"]
[PlyCount "76"]
[EventDate "1994.07.30"]

1. Nf3 Nf6 2. g3 g6 3. b3 Bg7 4. Bb2 O-O 5. Bg2 d6 6. d4 c5 7. O-O Qc7 8. c4
Nc6 9. d5 Na5 10. Nc3 a6 11. Qc2 Rb8 12. Nd2 b5 13. Nce4 Nxe4 14. Bxg7 Kxg7 15.
Nxe4 bxc4 16. bxc4 Rb4 17. Nd2 Bd7 18. a3 Rb7 19. Rab1 Rfb8 20. Rxb7 Rxb7 21.
e4 Kg8 22. Qc3 Ba4 23. f4 Nb3 24. Nf3 Qa5 25. Qb2 Qc7 26. Qf2 Nd4 27. Nxd4 cxd4
28. Qxd4 Rb3 29. e5 Rxa3 30. exd6 exd6 31. Rb1 Rb3 32. Ra1 Rb4 33. Rc1 Bb3 34.
Bf1 a5 35. Re1 Rb8 36. Kh1 a4 37. Ra1 h6 38. Ra3 Kh7 0-1

[Event "III Festival Magistrale"]
[Site "Montecatini Terme ITA"]
[Date "1994.07.??"]
[Round "?"]
[White "Digiugno, Franco"]
[Black "Bartolini, Tommaso"]
[Result "1/2-1/2"]
[WhiteElo "2074"]
[BlackElo "2090"]
[PlyCount "34"]
[EventDate "1994.07.30"]

1. d4 Nf6 2. Bg5 c6 3. Bxf6 exf6 4. c3 d5 5. e3 Bd6 6. Bd3 Be6 7. Qc2 g6 8. h4
f5 9. h5 Qf6 10. Nd2 g5 11. O-O-O Nd7 12. Ngf3 O-O-O 13. c4 Kb8 14. c5 Be7 15.
Nb3 Rc8 16. Na5 Bd8 17. b4 f4 1/2-1/2

[Event "III Festival Magistrale"]
[Site "Montecatini Terme ITA"]
[Date "1994.07.??"]
[Round "?"]
[White "Digiugno, Franco"]
[Black "Beggi, Pierluigi"]
[Result "1/2-1/2"]
[WhiteElo "2074"]
[BlackElo "2220"]
[PlyCount "70"]
[EventDate "1994.07.30"]

1. d4 Nf6 2. Bg5 d5 3. Bxf6 gxf6 4. e3 c5 5. c3 Qb6 6. Qc1 Bf5 7. Nf3 Nc6 8.
dxc5 Qxc5 9. Nbd2 e5 10. Nb3 Qb6 11. Nh4 Be4 12. Nd2 Bg6 13. Nxg6 hxg6 14. Qc2
Bh6 15. Qb3 O-O 16. O-O-O Rfd8 17. Kb1 d4 18. exd4 exd4 19. Qxb6 axb6 20. Nb3
dxc3 21. Rxd8+ Rxd8 22. bxc3 Rd1+ 23. Kc2 Re1 24. g3 Ne5 25. f4 Nc4 26. Bg2
Re2+ 27. Kd3 Rxg2 28. Kxc4 Rxa2 29. Nd4 Rb2 30. Kd3 f5 31. Ne2 Ra2 32. Rb1 Ra6
33. Rb2 Bf8 34. Nd4 Ba3 35. Ra2 Kf8 1/2-1/2

[Event "III Festival Magistrale"]
[Site "Montecatini Terme ITA"]
[Date "1994.07.??"]
[Round "?"]
[White "Digiugno, Franco"]
[Black "Bissanti, Carlo"]
[WhiteElo "2074"]
[BlackElo "1902"]
[Result "1/2-1/2"]
[PlyCount "83"]
[EventDate "1994.07.30"]

1. d4 d5 2. Nf3 Nf6 3. Bg5 Ne4 4. Bf4 e6 5. Nbd2 c5 6. c3 Nc6 7. e3 Nxd2 8.
Qxd2 c4 9. Be2 Bd7 10. O-O Be7 11. b3 b5 12. a4 Na5 13. bxc4 Nb3 14. Qb2 Nxa1
15. cxb5 Qa5 16. Qxa1 Rc8 17. Rc1 O-O 18. Nd2 Rfd8 19. e4 Be8 20. exd5 exd5 21.
Bg4 Bd7 22. Bf3 Be6 23. Be2 Rd7 24. Nb3 Qd8 25. a5 Bg5 26. Bxg5 Qxg5 27. Nc5
Bh3 28. Bf1 Rd6 29. Qb2 Rg6 30. g3 Bxf1 31. Rxf1 Qd8 32. Ra1 h5 33. Qe2 h4 34.
Qd3 h3 35. f4 Rc7 36. Kf2 Re7 37. Ra2 Rf6 38. Qf3 Qe8 39. Rb2 Qd8 40. Ra2 Qe8
41. Rb2 Qd8 42. Ra2 1/2-1/2

[Event "III Festival Magistrale"]
[Site "Montecatini Terme ITA"]
[Date "1994.07.??"]
[Round "?"]
[White "Digiugno, Franco"]
[Black "Everet, Alexandro"]
[WhiteElo "2074"]
[BlackElo "1971"]
[Result "1/2-1/2"]
[PlyCount "62"]
[EventDate "1994.07.30"]

1. d4 d5 2. Nf3 e6 3. Bg5 Be7 4. Bxe7 Nxe7 5. e3 O-O 6. Bd3 h6 7. O-O c5 8. c3
cxd4 9. exd4 Nbc6 10. Re1 a6 11. Nbd2 b5 12. Nb3 Na5 13. Nc5 Nc4 14. Qe2 Rb8
15. h4 Nc6 16. h5 Re8 17. b3 Nb6 18. Bc2 Nd7 19. Nxd7 Bxd7 20. Qd3 f5 21. Ne5
Nxe5 22. Rxe5 Qg5 23. Qe2 Rbc8 24. Re3 e5 25. Rxe5 Rxe5 26. Qxe5 Rxc3 27. Qxd5+
Kh7 28. Qxd7 Rxc2 29. Qe8 Rc1+ 30. Rxc1 Qxc1+ 31. Kh2 Qf4+ 1/2-1/2

[Event "III Festival Magistrale"]
[Site "Montecatini Terme ITA"]
[Date "1994.07.??"]
[Round "?"]
[White "Dizdarevic, Emir"]
[Black "Di Lazzaro, Gabriele"]
[Result "1-0"]
[WhiteElo "2495"]
[BlackElo "2155"]
[PlyCount "55"]
[EventDate "1994.07.30"]

1. c4 g6 2. g3 Bg7 3. Bg2 Nf6 4. d4 d5 5. cxd5 Nxd5 6. e4 Nf6 7. Nc3 e5 8. dxe5
Qxd1+ 9. Nxd1 Nfd7 10. f4 Nc6 11. Ne2 Nb6 12. Ne3 Bd7 13. Bd2 O-O-O 14. O-O-O
Be6 15. b3 a5 16. Bc3 a4 17. Nd5 axb3 18. axb3 Nd7 19. Kc2 b6 20. Nd4 Nxd4+ 21.
Rxd4 Kb7 22. Rhd1 Ra8 23. Kb2 Nc5 24. f5 Bd7 25. Ne7 Bb5 26. f6 Bh6 27. e6 Bc6
28. Nxc6 1-0

[Event "III Festival Magistrale"]
[Site "Montecatini Terme ITA"]
[Date "1994.07.??"]
[Round "?"]
[White "Dizdarevic, Emir"]
[Black "Grigore, George-Gabriel"]
[Result "1/2-1/2"]
[WhiteElo "2495"]
[BlackElo "2440"]
[PlyCount "80"]
[EventDate "1994.07.30"]

1. Nf3 Nf6 2. g3 g6 3. b3 Bg7 4. Bb2 O-O 5. Bg2 d6 6. d4 c5 7. c4 Ne4 8. O-O
Nc6 9. e3 Qc7 10. Nh4 f5 11. Nc3 Nxc3 12. Bxc3 cxd4 13. exd4 e5 14. dxe5 dxe5
15. Bd5+ Kh8 16. Qd2 f4 17. Nf3 Bg4 18. Ng5 Qe7 19. Ne4 Nd4 20. Bxd4 exd4 21.
Qd3 f3 22. Rfe1 Rae8 23. h4 Qc7 24. Rad1 Re7 25. Ng5 Qxg3+ 26. fxg3 f2+ 27. Kg2
fxe1=N+ 28. Rxe1 Rxe1 29. Nf7+ Rxf7 30. Bxf7 Re2+ 31. Kg1 Re3 32. Qd2 Rxg3+ 33.
Kh2 Re3 34. Qa5 Be5+ 35. Kg1 Kg7 36. Bd5 d3 37. Bxb7 Bd4 38. Kh2 Be5+ 39. Kg1
Bd4 40. Kh2 Be5+ 1/2-1/2

[Event "III Festival Magistrale"]
[Site "Montecatini Terme ITA"]
[Date "1994.07.??"]
[Round "?"]
[White "Dizdarevic, Emir"]
[Black "Zelcic, Robert"]
[Result "1/2-1/2"]
[WhiteElo "2495"]
[BlackElo "2485"]
[PlyCount "109"]
[EventDate "1994.07.30"]

1. c4 e6 2. g3 Nf6 3. Bg2 a6 4. e4 d5 5. e5 Nfd7 6. cxd5 exd5 7. Nf3 d4 8. O-O
Nc5 9. d3 Be7 10. b4 Ne6 11. a3 O-O 12. Nbd2 a5 13. b5 Nc5 14. Nb3 Nxb3 15.
Qxb3 Be6 16. Qb2 c5 17. bxc6 Nxc6 18. Qxb7 Rc8 19. Bd2 Bd5 20. Qb5 Rb8 21. Qa4
Rb2 22. Rab1 Rxb1 23. Rxb1 Qa8 24. Rb5 Rd8 25. h4 h6 26. Ne1 Bxg2 27. Nxg2 Bf8
28. h5 Re8 29. Bf4 Qc8 30. Nh4 Qd7 31. Rxa5 Rb8 32. e6 Rb1+ 33. Kh2 Qxe6 34.
Rb5 Ra1 35. Qb3 Qe1 36. Qd5 Qxf2+ 37. Kh3 Ne7 38. Qf3 Qe1 39. Rb8 Qe6+ 40. g4
Rxa3 41. Bg3 Ra5 42. Qe4 Qxe4 43. dxe4 Nc6 44. Rc8 d3 45. Bd6 Kh7 46. Ng6 fxg6
47. hxg6+ Kxg6 48. Rxc6 Kf7 49. Bxf8 Kxf8 50. Rd6 Ra3 51. Kh4 Kf7 52. g5 Ke7
53. Rd5 Ra4 54. gxh6 Rxe4+ 55. Kg3 1/2-1/2

[Event "III Festival Magistrale"]
[Site "Montecatini Terme ITA"]
[Date "1994.07.??"]
[Round "?"]
[White "Djuric, Stefan"]
[Black "De Santis, Alessio"]
[Result "1-0"]
[WhiteElo "2485"]
[BlackElo "2265"]
[PlyCount "87"]
[EventDate "1994.07.30"]

1. e4 d6 2. d4 Nf6 3. Bd3 e5 4. c3 Be7 5. Nf3 Nbd7 6. O-O c6 7. Re1 O-O 8. a4
a5 9. Na3 Qc7 10. Bg5 Re8 11. h3 h6 12. Bd2 d5 13. dxe5 dxe4 14. Bxe4 Nxe4 15.
Rxe4 Nc5 16. Re3 Be6 17. Nd4 Bg5 18. Re2 Bxd2 19. Qxd2 Nxa4 20. Nxe6 Rxe6 21.
Nc4 b5 22. Nd6 Nc5 23. Rd1 Rd8 24. f4 g6 25. Qc2 Nb7 26. Ne4 Rxd1+ 27. Qxd1 c5
28. Nf6+ Kg7 29. c4 Qc6 30. Qc2 b4 31. f5 Rxe5 32. Nh5+ gxh5 33. Rxe5 a4 34.
Qf2 Qf6 35. Qg3+ Kh7 36. Re8 Qd4+ 37. Kh1 Qd1+ 38. Re1 Qd6 39. Qf3 Qd2 40. Rd1
Qc2 41. Rd7 Na5 42. Rxf7+ Kg8 43. Re7 Nc6 44. Qg3+ 1-0

[Event "III Festival Magistrale"]
[Site "Montecatini Terme ITA"]
[Date "1994.07.??"]
[Round "?"]
[White "Djuric, Stefan"]
[Black "Nannelli, Paolo"]
[Result "1/2-1/2"]
[WhiteElo "2485"]
[BlackElo "1992"]
[PlyCount "129"]
[EventDate "1994.07.30"]

1. e4 c6 2. Nc3 d5 3. Nf3 Bg4 4. h3 Bh5 5. d4 e6 6. exd5 cxd5 7. g4 Bg6 8. h4
Nc6 9. h5 Be4 10. Rh3 Bxf3 11. Rxf3 Nf6 12. Rh3 Bb4 13. a3 Ba5 14. h6 gxh6 15.
f3 Ng8 16. b4 Bb6 17. Ne2 Qf6 18. c3 O-O-O 19. a4 e5 20. a5 Bc7 21. Be3 Qe6 22.
dxe5 Bxe5 23. Kf2 Nf6 24. b5 Ne7 25. Bxa7 h5 26. Nd4 Bxd4+ 27. cxd4 hxg4 28.
Bb6 Kd7 29. Bxd8 Rxd8 30. fxg4 Nxg4+ 31. Kg1 Rg8 32. Rg3 Qe3+ 33. Rxe3 Nxe3+
34. Kf2 Nxd1+ 35. Rxd1 Ra8 36. Ra1 Nc8 37. Bd3 h6 38. Bf5+ Kd6 39. Rh1 Ke7 40.
Bxc8 Rxc8 41. Rxh6 Rc2+ 42. Ke3 Ra2 43. Rb6 Rxa5 44. Kf4 Kd7 45. Rxb7+ Kd8 46.
Rb6 Kc7 47. Rc6+ Kb7 48. Rc5 Kb6 49. Ke5 Rxb5 50. Kd6 f5 51. Rc1 Kb7 52. Rc7+
Kb8 53. Rf7 Rb6+ 54. Kc5 Rh6 55. Kxd5 Kc8 56. Kc5 f4 57. d5 Kd8 58. Rxf4 Rg6
59. Rf8+ Ke7 60. Rb8 Rf6 61. Rb7+ Kd8 62. Kd4 Rg6 63. Ke5 Ra6 64. Rb5 Kd7 65.
Rb8 1/2-1/2